Visualizzazione normale
Vista MARC
- Buzzi F., Romano M.C., Sabbadini L.L., Formenti L., Zattoni M., Belletti F
di Personal Name
Records bibliografici associati: 1
001 - CONTROL NUMBER
- control field: 62436
003 - CONTROL NUMBER IDENTIFIER
- control field:
005 - DATE AND TIME OF LATEST TRANSACTION
- control field: 20250708140128.0
008 - FIXED-LENGTH DATA ELEMENTS
- fixed length control field: 250708|| aca||aabn | a|a d
040 ## - CATALOGING SOURCE
- Original cataloging agency:
- Transcribing agency:
100 ## - HEADING--PERSONAL NAME
- Personal name: Buzzi F., Romano M.C., Sabbadini L.L., Formenti L., Zattoni M., Belletti F
670 ## - SOURCE DATA FOUND
- Source citation: Work cat.: ()247078: Vigna Carmelo (et al.) 61020, Uso e senso del tempo. Tra ritmi quotidiani memoria e progetti, 2005